Statistics for How High Can You Count? - 1 Minute

Click here to take the quiz!

General Stats

  • This quiz has been taken 38 times
  • The average score is 97 of 500

Answer Stats

#% Correct
1
100%
10
100%
11
100%
12
100%
13
100%
14
100%
15
100%
16
100%
17
100%
18
100%
19
100%
2
100%
20
100%
21
100%
22
100%
23
100%
24
100%
25
100%
26
100%
27
100%
28
100%
29
100%
3
100%
30
100%
31
100%
32
100%
33
100%
34
100%
35
100%
36
100%
37
100%
38
100%
39
100%
4
100%
40
100%
41
100%
42
100%
43
100%
44
100%
45
100%
46
100%
47
100%
48
100%
49
100%
5
100%
50
100%
51
100%
52
100%
53
100%
54
100%
55
100%
56
100%
6
100%
7
100%
8
100%
9
100%
57
95%
58
95%
59
95%
60
95%
61
95%
62
95%
63
95%
64
95%
65
95%
66
95%
67
95%
68
90%
69
90%
70
85%
71
80%
72
80%
73
80%
74
75%
75
75%
76
75%
77
75%
78
75%
79
65%
80
60%
81
60%
82
60%
83
60%
84
60%
85
60%
86
60%
87
60%
88
60%
89
55%
90
55%
91
55%
92
55%
93
55%
94
55%
95
55%
96
55%
97
55%
98
55%
100
45%
99
45%
101
35%
102
30%
103
30%
104
25%
105
25%
106
25%
107
20%
108
20%
109
20%
110
15%
111
15%
112
15%
113
15%
114
15%
115
15%
116
15%
117
15%
118
15%
119
15%
120
15%
121
15%
122
15%
123
15%
124
15%
125
15%
126
15%
127
15%
128
10%
129
10%
130
10%
131
10%
132
10%
133
10%
134
10%
135
10%
136
10%
137
10%
138
10%
139
10%
140
10%
141
10%
142
10%
143
10%
144
10%
145
10%
146
10%
147
10%
148
10%
149
10%
150
10%
151
5%
152
5%
153
5%
154
5%
155
5%
156
5%
157
5%
158
5%
159
5%
160
5%
161
5%
162
5%
163
5%
164
5%
165
5%
166
5%
167
5%
168
5%
169
5%
170
5%
171
5%
172
5%
173
5%
174
5%
175
5%
176
5%
177
5%
178
5%
179
5%
180
5%
181
5%
182
5%
183
5%
184
5%
185
5%
186
5%
187
5%
188
5%
189
5%
190
0%
191
0%
192
0%
193
0%
194
0%
195
0%
196
0%
197
0%
198
0%
199
0%
200
0%
201
0%
202
0%
203
0%
204
0%
205
0%
206
0%
207
0%
208
0%
209
0%
210
0%
211
0%
212
0%
213
0%
214
0%
215
0%
216
0%
217
0%
218
0%
219
0%
220
0%
221
0%
222
0%
223
0%
224
0%
225
0%
226
0%
227
0%
228
0%
229
0%
230
0%
231
0%
232
0%
233
0%
234
0%
235
0%
236
0%
237
0%
238
0%
239
0%
240
0%
241
0%
242
0%
243
0%
244
0%
245
0%
246
0%
247
0%
248
0%
249
0%
250
0%
251
0%
252
0%
253
0%
254
0%
255
0%
256
0%
257
0%
258
0%
259
0%
260
0%
261
0%
262
0%
263
0%
264
0%
265
0%
266
0%
267
0%
268
0%
269
0%
270
0%
271
0%
272
0%
273
0%
274
0%
275
0%
276
0%
277
0%
278
0%
279
0%
280
0%
281
0%
282
0%
283
0%
284
0%
285
0%
286
0%
287
0%
288
0%
289
0%
290
0%
291
0%
292
0%
293
0%
294
0%
295
0%
296
0%
297
0%
298
0%
299
0%
300
0%
301
0%
302
0%
303
0%
304
0%
305
0%
306
0%
307
0%
308
0%
309
0%
310
0%
311
0%
312
0%
313
0%
314
0%
315
0%
316
0%
317
0%
318
0%
319
0%
320
0%
321
0%
322
0%
323
0%
324
0%
325
0%
326
0%
327
0%
328
0%
329
0%
330
0%
331
0%
332
0%
333
0%
334
0%
335
0%
336
0%
337
0%
338
0%
339
0%
340
0%
341
0%
342
0%
343
0%
344
0%
345
0%
346
0%
347
0%
348
0%
349
0%
350
0%
351
0%
352
0%
353
0%
354
0%
355
0%
356
0%
357
0%
358
0%
359
0%
360
0%
361
0%
362
0%
363
0%
364
0%
365
0%
366
0%
367
0%
368
0%
369
0%
370
0%
371
0%
372
0%
373
0%
374
0%
375
0%
376
0%
377
0%
378
0%
379
0%
380
0%
381
0%
382
0%
383
0%
384
0%
385
0%
386
0%
387
0%
388
0%
389
0%
390
0%
391
0%
392
0%
393
0%
394
0%
395
0%
396
0%
397
0%
398
0%
399
0%
400
0%
401
0%
402
0%
403
0%
404
0%
405
0%
406
0%
407
0%
408
0%
409
0%
410
0%
411
0%
412
0%
413
0%
414
0%
415
0%
416
0%
417
0%
418
0%
419
0%
420
0%
421
0%
422
0%
423
0%
424
0%
425
0%
426
0%
427
0%
428
0%
429
0%
430
0%
431
0%
432
0%
433
0%
434
0%
435
0%
436
0%
437
0%
438
0%
439
0%
440
0%
441
0%
442
0%
443
0%
444
0%
445
0%
446
0%
447
0%
448
0%
449
0%
450
0%
451
0%
452
0%
453
0%
454
0%
455
0%
456
0%
457
0%
458
0%
459
0%
460
0%
461
0%
462
0%
463
0%
464
0%
465
0%
466
0%
467
0%
468
0%
469
0%
470
0%
471
0%
472
0%
473
0%
474
0%
475
0%
476
0%
477
0%
478
0%
479
0%
480
0%
481
0%
482
0%
483
0%
484
0%
485
0%
486
0%
487
0%
488
0%
489
0%
490
0%
491
0%
492
0%
493
0%
494
0%
495
0%
496
0%
497
0%
498
0%
499
0%
500
0%

Score Distribution

Percentile by Number Answered

Percent of People with Each Score

Your Score History

You have not taken this quiz